Yakko's World Lyrics - Statistics

General Stats
  • This quiz has been taken 26 times
  • The average score is 1 of 28
Answer Stats
Lyrics % Correct
And now, the nations of the world, brought to you by: {Yakko} {Warner}
100%
United States, Canada, Mexico, Panama, Haiti, Jamaica, Peru
18%
Republic Dominican, Cuba, Caribbean, Greenland, El Salvador too
12%
Puerto Rico, Colombia, Venezuela, Honduras, Guyana, and still
6%
Bulgaria, Saudi Arabia, Hungary, Cyprus, Iraq, and Iran
0%
Burundi, Lesotho, and Malawi, Togo, the Spanish Sahara is gone
0%
Costa Rica, Belize, Nicaragua, Bermuda, Bahamas, Tobago, San Juan
0%
Crete, Mauritania, then Transylvania
0%
Dahomey, Namibia, Senegal, Libya, Cameroon, Kongo, Zaire
0%
Ethiopia, Guinea-Bissau, Madagascar, Rwanda, Mahore, Cayman
0%
Fiji, Australia, Sudan
0%
Guatemala, Bolivia, then Argentina, and Ecuador, Chile, Brazil
0%
Hong Kong, Abu Dhabi, Qatar, Yugoslavia-
0%
India, Pakistan, Burma, Afghanistan, Thailand, Nepal, and Bhutan
0%
Kampuchea, Malaysia, then Bangladesh, Asia, and China, Korea, Japan
0%
Monaco, Liechtenstein, Malta, and Palestine
0%
Mongolia, Laos, and Tibet, Indonesia, the Philippine Islands, Taiwan
0%
Mozambique, Zambia, Swaziland, Gambia, Guinea, Algeria, Ghana
0%
Niger, Nigeria, Chad, and Liberia, Egypt, Benin, and Gabon
0%
Norway and Sweden and Iceland and Finland and Germany still in one piece
0%
Paraguay, Uruguay, Suriname, and French Guiana, Barbados, and Guam
0%
Poland, Romania, Scotland, Albania, Ireland, Russia, Oman
0%
Sri Lanka, New Guinea, Sumatra, New Zealand, then Borneo and Vietnam
0%
Switzerland, Austria, Czechoslovakia, Italy, Turkey and Greece
0%
Tanzania, Somalia, Kenya, and Mali, Sierra Leone, and Algeirs
0%
The Netherlands, Luxembourg, Belgium and Portugal, France, England, Denmark, and Spain
0%
There's Syria, Lebanon, Israel, Jordan, Both Yemens, Kuwait, and Bahrain
0%
Tunisia, Morocco, Uganda, Angola, Zimbabwe, Djibouti, Botswana
0%
No matching quizzes found
Score Distribution
Percent of People with Each Score
Percentile by Number Answered
Your Score History
You have not taken this quiz